000 01742cam a22002533a 4500
001 18175
003 PGUSA
005 20140828083403.0
008 060414s2006||||xxu|||||s|||||000 1 eng d
040 _aPGUSA
_beng
042 _adc
050 4 _aPR
100 1 _aHartley, John,
_d1839-1915
245 1 0 _aYorksher Puddin' :
_bA Collection of the Most Popular Dialect Stories from the Pen of John Hartley
_h[electronic resource] /
_cJohn Hartley
260 _bProject Gutenberg,
_c2006
505 0 _aFrozen to Death -- Pill Jim's Progress Wi' Johns Bunion -- Moravian Knight's Entertainment -- Sperrit Rappin -- Ther's a Mule I' th' Garden -- A Neet at "Widup's Rest" -- Tinklin' Tom -- Th' New Schooil Booard -- Tha Caps me Nah! -- Nay Fer Sewer! -- Th' Battle o' Tawkin -- "Owd Tommy" -- It Mud ha' been War -- Ha a Dead Donkey Towt a Lesson -- One, Two, Three -- Sammy Bewitched -- Hard to Pleeas -- Ratcatchin' -- Owd Moorcock -- Peace Makkin -- Awr Emma-A False Alarm -- Niver Judge by Appearances -- Mi First Testimonial -- Five Paand Nooat -- Silly Billy -- Put up wi' it -- A Queer Dream -- The Mystery of Burt's Babby -- Mak th' best on't -- Mrs Spaiktruth's Pairty -- Why Tommy isn't a Deacon -- One Amang th' Rest -- What's yor Hurry? -- Ha Owd Stooansnatch's Dowter gate Wed -- Th' New Railrooad -- Mose Hart's Twelvth Mess -- Th' Hoil-i'th'-Hill Statty -- Owd Dawdles -- Property Huntin' -- Abraham's Sparrib -- A Run ovver th' Year
506 _aPublic domain in the USA.
516 _aElectronic text
653 _aYorkshire (England) -- Fiction
653 _aEnglish language -- Dialects -- England -- Yorkshire
830 0 _aProject Gutenberg
_v18175
856 4 0 _uhttp://www.gutenberg.org/ebooks/18175
942 _cEB
999 _c247430
_d247430